000 00523nam a22001817a 4500
005 20171106123956.0
010 _aENG-121230
020 _c200.00
_a9789350451441
035 _aEN-104762
037 _bDBAD/PUB
082 _a881
100 _aBhattcharya,Kanchan
245 _aThe roots of love /
_cby Kanchan Bhattacharya
260 _aCalcutta
_bA Writers Workshop Publication
_c2016
270 _a162/92 Lake Gardens
_bCalcutta
_e700045
300 _a88p.
_c22cm(Hb)
942 _2ddc
_cEN
_h881
_mBHA
999 _c147184
_d147184